000 00658nam a2200229Ia 4500
003 OSt
005 20221007080059.0
006 a|||||r|||| 00| 0
007 ta
008 221006b |||||||| |||| 00| 0 eng d
024 _a12,458
037 _cTextual
040 _aFLL
_cFLL
_beng
041 _2eng
_aeng
082 _aV2,3:3oaX9w.N7, M0
100 _aGadhok D.N. Au.
_9694605
245 0 _aAccountability of public enterprises to parliament
260 _aNew Delhi
_bSterling publishers pvt. ltd. India
_c1980
300 _a147p
_ccm.
942 _hV2,3:3oaX9w.N7, M0
_cTEXL
_2CC
999 _c1158309
_d1158309